000 00450nam a2200169Ia 4500
003 GCL
008 140319s9999 xx 000 0 eng d
040 _aGCL /
_cGCL
082 0 4 _aCC
_b932
_bS L
100 1 _aSTROUHAL, EUGEN
245 1 0 _aLIFE OF THE ANCIENT EGYPTIANS /
_cSTROUHAL, EUGEN
260 _a[S.N] :
_bTHE AMERICAN UNIVERSITY IN CAIRO PRESS ،
_c1992
300 _a279
650 0 4 _aEGYPT
650 0 4 _aANCIENT EGYPT
942 _2ddc
_cBK
999 _c14164
_d14164